| 000 | 00579nam a2200169 i 4500 | ||
|---|---|---|---|
| 001 | 185176 | ||
| 003 | ES-MaACL | ||
| 005 | 20250903084241.0 | ||
| 008 | 160404s1874 fr |||| | fre d | ||
| 245 | 0 | 0 | _aPrincipales publications de Gaume et Cie, editeurs. |
| 260 |
_a[Corbeil : _bGaume et Cie.], _c1874. |
||
| 300 |
_a16 p. ; _c18 cm. |
||
| 650 | 4 |
_aCatálogos de editores- _zFrancia _912068 |
|
| 650 | 7 |
_aCatálogos de editores- _yS.XIX _2 _9169796 |
|
| 852 |
_aES-MaACL _jT-196-F-6 _z.- Enc. en un vol. facticio falto de la cub. original |
||
| 999 |
_c185176 _d185176 |
||